000 00196 a2200097 4500
001 7802
100 _aWolpert, S
245 _aNine hours to Rama
260 _a
_bHamilton
_c
090 _c6252
_d6252
942 _aNUST-CAE
_cM
_c32770
999 _c242875
_d242875